Holy Bible New International Version (Record no. 7140)
[ view plain ]
| 000 -LEADER | |
|---|---|
| fixed length control field | 00516nam a22001697a 4500 |
| 003 - CONTROL NUMBER IDENTIFIER | |
| control field | OSt |
| 005 - DATE AND TIME OF LATEST TRANSACTION | |
| control field | 20170518093922.0 |
| 008 - FIXED-LENGTH DATA ELEMENTS--GENERAL INFORMATION | |
| fixed length control field | 160119b xxu||||| |||| 00| 0 eng d |
| 040 ## - CATALOGING SOURCE | |
| Original cataloging agency | mmu |
| Language of cataloging | mmu |
| Transcribing agency | mmu |
| 110 ## - MAIN ENTRY--CORPORATE NAME | |
| 9 (RLIN) | 418 |
| Corporate name or jurisdiction name as entry element | International Bible Society |
| 245 ## - TITLE STATEMENT | |
| Title | Holy Bible New International Version |
| Statement of responsibility, etc. | International Bible Society |
| 260 ## - PUBLICATION, DISTRIBUTION, ETC. (IMPRINT) | |
| Place of publication, distribution, etc. | Canada : |
| Name of publisher, distributor, etc. | International Bible Society, |
| Date of publication, distribution, etc. | 1984 |
| 300 ## - PHYSICAL DESCRIPTION | |
| Extent | 1969 p. |
| 500 ## - GENERAL NOTE | |
| General note | Includes Concordance |
| 942 ## - ADDED ENTRY ELEMENTS (KOHA) | |
| Source of classification or shelving scheme | Library of Congress Classification |
| Koha item type | R |
| 980 ## - EQUIVALENCE OR CROSS-REFERENCE-SERIES STATEMENT--PERSONAL NAME/TITLE [LOCAL, CANADA] | |
| Personal name | ^d20110503 04:27:25^okilerai |
| Withdrawn status | Lost status | Source of classification or shelving scheme | Damaged status | Not for loan | Home library | Current library | Date acquired | Source of acquisition | Total Checkouts | Full call number | Date last seen | Price effective from | Koha item type |
|---|---|---|---|---|---|---|---|---|---|---|---|---|---|
| Library of Congress Classification | Maasai Mara University Library -Main Campus | Maasai Mara University Library -Main Campus | 01/19/2016 | Purchased | REF BS195 .N37 1984 | 01/19/2016 | 01/19/2016 | R |